000 00738nam a2200265 i 4500
001 C2-0123499
003 PPAK
005 20180727114426.0
008 970902s1995 my a|||| ||||| | eng d
020 _a9839678825
040 _aPPAK
_beng
_cPPAK
_erda
082 0 4 _a823
_223
090 0 0 _a823
_bJEF
_dK
100 1 _aJeffrey, Tinjom,
_eauthor
245 1 2 _aA lesson for trusting a stranger
264 1 _aPetaling Jaya, Selangor :
_bPustaka Murni ,
_c1995
300 _a22 pages :
_billustrations ;
_c21 cm
336 _2rdacontent
_atext
337 _2rdamedia
_aunmediated
338 _2rdacarrier
_avolume
490 1 _aKancil readers
650 1 0 _aChildren's stories, English.
830 0 _aKancil readers
942 _ddc
_cB
999 _c36024
_d36024